Digital image processing / (Record no. 175584)

000 -LEADER
fixed length control field 00819 a2200217 4500
003 - CONTROL NUMBER IDENTIFIER
control field Nust
005 - DATE AND TIME OF LATEST TRANSACTION
control field 20220804133127.0
010 ## - LIBRARY OF CONGRESS CONTROL NUMBER
LC control number 2005433261
020 ## - INTERNATIONAL STANDARD BOOK NUMBER
International Standard Book Number 3540240357 (hardcover : alk. paper)
040 ## - CATALOGING SOURCE
Transcribing agency Nust
082 00 - DEWEY DECIMAL CLASSIFICATION NUMBER
Classification number 621.367,JAH
100 1# - MAIN ENTRY--PERSONAL NAME
Personal name Jahne, Bernd,
9 (RLIN) 83302
245 10 - TITLE STATEMENT
Title Digital image processing /
Statement of responsibility, etc. Bernd Jahne.
250 ## - EDITION STATEMENT
Edition statement 6th rev. and ext. ed.
260 ## - PUBLICATION, DISTRIBUTION, ETC.
Place of publication, distribution, etc. Berlin ;
-- New York :
Name of publisher, distributor, etc. Springer,
Date of publication, distribution, etc. c2005.
300 ## - PHYSICAL DESCRIPTION
Extent xiii, 607 p. :
Other physical details ill. ;
Dimensions 24 cm. +
Accompanying material 1 CD-ROM (4 3/4 in.)
505 ## - FORMATTED CONTENTS NOTE
Formatted contents note Foundation (Page-3), Image Formation and Preprocessing (Page-157), Feature Extraction (Page-299), Image Analysis (Page-449), Reference Part (Page-553).
650 #0 - SUBJECT ADDED ENTRY--TOPICAL TERM
Topical term or geographic name entry element Telecommunication Engineering.
856 41 - ELECTRONIC LOCATION AND ACCESS
Materials specified Table of contents
Uniform Resource Identifier <a href="http://www.loc.gov/catdir/toc/fy055/2005433261.html">http://www.loc.gov/catdir/toc/fy055/2005433261.html</a>
942 ## - ADDED ENTRY ELEMENTS (KOHA)
Koha item type Reference
Source of classification or shelving scheme
Holdings
Withdrawn status Lost status Source of classification or shelving scheme Damaged status Not for loan Permanent Location Current Location Shelving location Date acquired Full call number Barcode Date last seen Price effective from Koha item type Public note
          Military College of Signals (MCS) Military College of Signals (MCS) Reference 12/12/2016 621.367,JAH MCS32494 12/08/2016 12/12/2016 Reference Almirah No.20, Shelf No.5
© 2023 Central Library, National University of Sciences and Technology. All Rights Reserved.